Ekonómia je neživý predmet

Ekonomický jazyk, vzhľadom na svoju dynamickosť, neustále zavádza nové metaforické termíny a pojmy. Skúmanie niektorých aspektov používania metafory v odbornom ekonomickom jazyku. Sémantická analýza metafor, ktoré sú zaradené do sémantickej oblasti – fyzika.

Salvato in:
Dettagli Bibliografici
Autore principale: Pavliková, Želmíra, 1979-
Natura: Capitolo di libro
Lingua:slovacco
Soggetti:
Tags: Aggiungi Tag
Nessun Tag, puoi essere il primo ad aggiungerne!!

MARC

LEADER 00000naa$a2200000$$$4500
001 0297313
005 20240502074513.0
041 0 |a slo 
044 |a SK 
245 1 0 |a Ekonómia je neživý predmet  |c Želmíra Pavliková 
520 |a Ekonomický jazyk, vzhľadom na svoju dynamickosť, neustále zavádza nové metaforické termíny a pojmy. Skúmanie niektorých aspektov používania metafory v odbornom ekonomickom jazyku. Sémantická analýza metafor, ktoré sú zaradené do sémantickej oblasti – fyzika. 
610 2 0 |a ekonómia 
610 2 0 |a fyzika 
610 2 0 |a jazyk materinský 
610 2 0 |a terminológia 
610 2 0 |a pojmy 
610 2 0 |a jazyk odborný 
100 1 |a Pavliková, Želmíra, 1979-